00435nam a2200133Ia 4500008004100000024004400041082001600085100006200101245003000163260002600193600003200219650003300251999001700284260210s9999 xx 000 0 und d a18B-019-CE, 18B-033-CE & 18B-049-CE a600.027 ASA aSyed Asad Kazmi, Agha Najeeb Ullah & Mudassir Mehmood 0aSmart Cafe Dine in System aKarachi:bUITU,c2018 aComputer System Engineering aBachelor of Engineering (BE) c32796d32796